<?xml version="1.0" encoding="UTF-8"?>
<collection xmlns="http://www.loc.gov/MARC21/slim">
 <record>
  <leader>02024aam a22003018a 4500</leader>
  <controlfield tag="001">NCT_12672</controlfield>
  <controlfield tag="008">120906s2012                  ||||||viesd</controlfield>
  <datafield tag="999" ind1=" " ind2=" ">
   <subfield code="c">603</subfield>
   <subfield code="d">603</subfield>
  </datafield>
  <datafield tag="020" ind1=" " ind2=" ">
   <subfield code="c">60000</subfield>
  </datafield>
  <datafield tag="082" ind1="0" ind2="4">
   <subfield code="2">23rd ed.</subfield>
   <subfield code="a">346.597043</subfield>
   <subfield code="b">H523</subfield>
  </datafield>
  <datafield tag="100" ind1="1" ind2=" ">
   <subfield code="a">Trần Quang Huy</subfield>
   <subfield code="e">Chủ biên</subfield>
  </datafield>
  <datafield tag="245" ind1="0" ind2="0">
   <subfield code="a">Giáo trình luật đất đai</subfield>
   <subfield code="c">Trần Quang Huy (chủ biên)</subfield>
  </datafield>
  <datafield tag="250" ind1=" " ind2=" ">
   <subfield code="a">Tái bản lần thứ 11</subfield>
  </datafield>
  <datafield tag="260" ind1=" " ind2=" ">
   <subfield code="a">H.</subfield>
   <subfield code="b">Công an nhân dân</subfield>
   <subfield code="c">2012</subfield>
  </datafield>
  <datafield tag="300" ind1=" " ind2=" ">
   <subfield code="a">495tr.</subfield>
   <subfield code="c">21cm</subfield>
  </datafield>
  <datafield tag="500" ind1=" " ind2=" ">
   <subfield code="a">ĐTTS ghi: Trường đại học Luật Hà Nội</subfield>
  </datafield>
  <datafield tag="520" ind1="3" ind2=" ">
   <subfield code="a">Trình bày các vấn đề lí luận cơ bản về ngành luật đất đai. Cung cấp các kiến thức về chế độ sở hữu toàn dân và quản lí nhà nước về đất đai; địa vị pháp lí của người sử dụng đất; thủ tục hành chính trong quản lí, sử dụng đất đai; chế độ pháp lí nhóm đất nông nghiệp và phi nông nghiệp; thanh tra, kiểm tra, giải quyết tranh chấp, khiếu nại, tố cáo về đất đai và xử lí vi phạm pháp luật đất đai</subfield>
  </datafield>
  <datafield tag="653" ind1=" " ind2=" ">
   <subfield code="a">Luật học</subfield>
  </datafield>
  <datafield tag="655" ind1=" " ind2="7">
   <subfield code="a">Giáo trình</subfield>
  </datafield>
  <datafield tag="700" ind1="1" ind2=" ">
   <subfield code="a">Nguyễn Quang Tuyến</subfield>
  </datafield>
  <datafield tag="700" ind1="1" ind2=" ">
   <subfield code="a">Nguyễn Thị Dung</subfield>
  </datafield>
  <datafield tag="700" ind1="1" ind2=" ">
   <subfield code="a">Nguyễn Thị Nga</subfield>
  </datafield>
  <datafield tag="700" ind1="1" ind2=" ">
   <subfield code="a">Phạm Thu Thuỷ</subfield>
  </datafield>
  <datafield tag="942" ind1=" " ind2=" ">
   <subfield code="2">ddc</subfield>
   <subfield code="c">BK</subfield>
  </datafield>
  <datafield tag="952" ind1=" " ind2=" ">
   <subfield code="0">0</subfield>
   <subfield code="1">0</subfield>
   <subfield code="2">ddc</subfield>
   <subfield code="4">0</subfield>
   <subfield code="6">346_597043000000000_H523</subfield>
   <subfield code="7">0</subfield>
   <subfield code="9">4380</subfield>
   <subfield code="a">000001</subfield>
   <subfield code="b">000001</subfield>
   <subfield code="d">2017-11-27</subfield>
   <subfield code="l">2</subfield>
   <subfield code="o">346.597043 H523</subfield>
   <subfield code="p">MD.03006</subfield>
   <subfield code="q">2019-04-25</subfield>
   <subfield code="r">2019-04-11</subfield>
   <subfield code="s">2019-04-11</subfield>
   <subfield code="v">60000.00</subfield>
   <subfield code="w">2017-11-27</subfield>
   <subfield code="y">BK</subfield>
  </datafield>
  <datafield tag="952" ind1=" " ind2=" ">
   <subfield code="0">0</subfield>
   <subfield code="1">0</subfield>
   <subfield code="2">ddc</subfield>
   <subfield code="4">0</subfield>
   <subfield code="6">346_597043000000000_H523</subfield>
   <subfield code="7">0</subfield>
   <subfield code="9">4381</subfield>
   <subfield code="a">000001</subfield>
   <subfield code="b">000001</subfield>
   <subfield code="d">2017-11-27</subfield>
   <subfield code="o">346.597043 H523</subfield>
   <subfield code="p">MD.03007</subfield>
   <subfield code="r">2017-11-27</subfield>
   <subfield code="v">60000.00</subfield>
   <subfield code="w">2017-11-27</subfield>
   <subfield code="y">BK</subfield>
  </datafield>
  <datafield tag="952" ind1=" " ind2=" ">
   <subfield code="0">0</subfield>
   <subfield code="1">0</subfield>
   <subfield code="2">ddc</subfield>
   <subfield code="4">0</subfield>
   <subfield code="6">346_597043000000000_H523</subfield>
   <subfield code="7">0</subfield>
   <subfield code="9">4635</subfield>
   <subfield code="a">000001</subfield>
   <subfield code="b">000001</subfield>
   <subfield code="d">2017-11-28</subfield>
   <subfield code="l">4</subfield>
   <subfield code="o">346.597043 H523</subfield>
   <subfield code="p">MD.03005</subfield>
   <subfield code="q">2022-03-07</subfield>
   <subfield code="r">2022-02-21</subfield>
   <subfield code="s">2022-02-21</subfield>
   <subfield code="v">60000.00</subfield>
   <subfield code="w">2017-11-28</subfield>
   <subfield code="y">BK</subfield>
  </datafield>
  <datafield tag="980" ind1=" " ind2=" ">
   <subfield code="a">Thư viện Trường Đại học Nam Cần Thơ</subfield>
  </datafield>
 </record>
</collection>
